000 00407nam a2200169Ia 4500
100 _aCeri/Stefano/ Pelagatti/G
650 _aDatabases
942 _cBK
366 _f25
654 _adistributed database
245 _aDistributed databases:Principles and systems
260 _bTata Mc Graw hill Ltd.
_aNew delhi
_c1984
082 _a5.758
_bCER
300 _a391
546 _aENGLISH
999 _c22876
_d22876